| 000 | 00695nam a2200253Ia 4500 | ||
|---|---|---|---|
| 005 | 20250425161910.0 | ||
| 008 | 250425s9999 xx 000 0 und d | ||
| 020 | _a0201641968 | ||
| 041 | _aspa | ||
| 043 | _asp | ||
| 082 | _a005.81 | ||
| 100 | _aCEBALLOS SIERRA, FRANCISCO JAVIER | ||
| 245 | 0 | _aPROGRAMACION ORIENTADA A OBJETOS CON C++ | |
| 250 | _a1A ED. | ||
| 260 |
_aEspaƱa _bADDISON WESLEY IBEROAMERICANA _c1993 |
||
| 260 | _aMADRID | ||
| 300 | _a472 | ||
| 650 | _aC++ (LENGUAJE DE PROGRAMACION) | ||
| 650 | _aC++ (LENGUAJE DE PROGRAMACION) | ||
| 650 | _aPROGRAMACION ORIENTADA A OBJETOS | ||
| 650 | _aPROGRAMACION ORIENTADA A OBJETOS | ||
| 942 | _c01 | ||
| 010 | _a34211 | ||
| 999 |
_c218415 _d218415 |
||